000 02192nam1a2200277 i 4500
001 RU\NLR\BIBL_A\012010374
005 20240922023555.0
035 _a(NLR Aleph) 012010374
090 _a11448198
_c11448198
100 _a20190417g20199999k y0rusy50 ca
101 0 _arus
102 _aRU
105 _a||||z||||||||
200 1 _aОткрытое дополнительное образование и региональное развитие
_eсборник эффективных практик дополнительного образования детей
_e[методическое пособие]
_fМинистерство образования Новосибирской области, Государственное автономное учреждение дополнительного образования Новосибирской области "Областной центр развития творчества детей и юношества" (ГАУДО НСО "ОЦРТДиЮ") [и др.
_gотв. ред.: Е.Л. Сорокина]
210 _aНовосибирск
_cИзд-во АНО ДПО "СИПППСР"
_d2019
215 _d21
225 1 _aСерия "Доступное дополнительное образование для детей"
606 1 _aДополнительное образование детей
_jМетодические пособия
_xРегиональный аспект
_yРоссийская Федерация
_92565338
_3RU\NLR\AUTH\661517274
686 1 _aЧ421.387я8
702 1 _4340
_7ca
_8rus
_aСорокина
_bЕ. Л.
_cканд. пед. наук
_gЕлена Львовна
_9183059
_3RU\NLR\AUTH\770183110
712 0 2 _4570
_aНовосибирский областной центр развития творчества детей и юношества
_9659820
_3RU\NLR\AUTH\880499990
852 _aNLR
_j2019-3/11191
942 _cBOOK